Alternativas para mejorar la calidad microbiológica del efluente de un biofiltro de flujo horizontal en la planta piloto de Masaya

Presenta alternativas adecuadas para los efluentes de sistemas de Biofiltros que tratan aguas residuales domésticas cumplan con la concentración máxima permisibles de coliformes fecales establecidas en el decreto 33-95. Para cumplir tal objetivo se implementó en la planta piloto de Masaya las s...

Full description

Bibliographic Details
Main Author: Fuentes Navarro, Luis Manuel
Other Authors: Tutor: Gauss, Martín
Format: Tesis Section = Libro
Language:Undetermined
Spanish
Published: Managua UNI 2005
Subjects:
LEADER 01350nam a2200241Ia 4500
008 240830s9999 xx 000 0 und d
040 |a BIBLIOTECA-RUSB/ Mon 628.3 F954 
041 |a spa 
082 |a Mon 628.3 F954 
100 1 |a Fuentes Navarro, Luis Manuel 
245 1 0 |a Alternativas para mejorar la calidad microbiológica del efluente de un biofiltro de flujo horizontal en la planta piloto de Masaya 
260 |a Managua  |b UNI  |c 2005 
300 |a 81 p. :il. 
502 |a Tesis (Ingeniero Químico) - UNI, 2005. 
520 3 |a Presenta alternativas adecuadas para los efluentes de sistemas de Biofiltros que tratan aguas residuales domésticas cumplan con la concentración máxima permisibles de coliformes fecales establecidas en el decreto 33-95. Para cumplir tal objetivo se implementó en la planta piloto de Masaya las siguientes alternativas: desinfección utilizando radiación ultravioleta (uv), desinfección con una solución de hipoclorito de sodio (cloro) y aumento del tiempo de retención (disminución de la carga hidráulica). 
650 7 |a TRATAMIENTO Y ELIMINACION DE AGUAS NEGRAS - MASAYA 
650 7 |b  SISTEMAS DE BIOFILTROS 
650 7 |c  MICROORGANISMOS - AGUAS NEGRAS 
650 7 |d  COLIFORMES FECALES - DESINFECCION 
700 1 |a Tutor:  |b Gauss, Martín 
942 |c BK  |2 ddc 
991 |a TESIS 
999 |c 20471